Psicoanálisis del niño

Guardat en:
Dades bibliogràfiques
Autor principal: Freud, Anna (Autor)
Format: Llibre
Idioma:espanyol
Publicat: Buenos Aires Imán 1946
Col·lecció:Biblioteca Psicoanalítica
Matèries:
Etiquetes: Afegir etiqueta
Sense etiquetes, Sigues el primer a etiquetar aquest registre!

MARC

LEADER 00000nam a2200000 a 4500
001 UCW5426
003 CL-VaPUC
008 910418e19460000AG |||||||||||||||||spa|d
082 0 4 |a 616.8917  |b FRE  |2 21 
100 0 |a Freud, Anna  |e author  |9 310404 
245 1 0 |a Psicoanálisis del niño 
300 |a 126 p 
942 |c BK 
945 |d 19910418 00:00:00 
260 |a Buenos Aires  |b Imán  |c 1946 
650 0 |a Psicoanálisis   |9 265702 
650 0 |a Psicología del niño  |9 307305 
583 |a last modification  |c 20130106 10:59:20  |k Rodrigo Vera 
490 0 |a Biblioteca Psicoanalítica 
999 |c 218867  |d 218865